000 00919nam a2200277 i 4500
003 DO-SdBNP
005 20250923095627.0
007 ta
008 250710 2025 dr 000 0 spa d
040 _aDO-SdBNP
_bspa
_cBNPHU
_erda
041 _aspa
082 4 _a972.93054
_bM385m 2025
_222
100 1 _aMartínez, Orlando
_d1944-1975
_eautor
_936804
_4aut.
245 1 0 _aMicroscopio /
_cOrlando Martínez.
250 _aSegunda edición
264 1 _aSanto Domingo, República Dominicana :
_bEditora Taller,
_c1983-1987.
300 _avolúmenes ;
_c23 cm.
336 _atexto
_btxt
_2rdacontent
337 _asin mediación
_bn
_2rdamedia
338 _avolumen
_bnc
_2rdacarrier
490 0 _aBiblioteca Taller
_v70
590 _aInventariado, 2025/ BT
651 7 _aRepública Dominicana
_xPolítica y gobierno
_xHistoria
_y1961-
_911694
910 _aBtavárez/Validado. Control de calidad MFF
942 _2ddc
_cLBS1
999 _c59496
_d59496